000 00254nam a2200097Ia 4500
005 20251222114359.0
008 251222s1900||||xx |||||||||||||| ||spa||
082 _aDVD0097/L61/1974
245 0 _aLa Mia Vita é Stata un Quadro: William Congdon.
942 _cDVD
999 _c1553
_d1553